1491 1352 1706 1472 1339 1062 1236 1693 1475 1771 1556 1131 1313 1519 1799 1767 1738 1838 1572 1421 1355 1786 1186 1992 1055 1945 1032 1715 1340 1554 1956 1429 1441 1137 1577 1925 1043 1522 1188 1890 1276 1856 1910 1654 1804 1389 1528 1453 1084 1982 1149 1593 1616 1421 1629 1047 1144 1212 1472 1304 1073 1034 1511 1571 1078 1257 1459 1419 1965 1878 1150 1498 1828 1349 1577 1575 1346 1253 1097 1452 1378 1403 1559 1911 1662 1117 1714 1106 1326 1842 1107 1555 1026 1310 1633 1300 1471 1848 1525 BCNSPRNW ULIB Ver.6.0+V

เปลี่ยนเป็นภาษาไทย

Change to English
 แสดงรายละเอียดบรรณานุกรม
  กลับหน้าหลัก

Brief Record : Get Marc (ISO 2709) : E-mail record : QR code < ปิดหน้าต่าง
LEADER : 00000nam 2200000uu 4500
001    13399110913
003     ULIB
008    110613s||||||||th 000 0 tha d
020    9749006593
050  4 AC158^bว914ฟ 2546
100    เวนไรท์, คามิลล์ แอล
245    ไฟฟ้าและแม่เหล็ก/ ^cผู้แต่ง เวนไรท์, คามิลล์ แอล; แปล ตรัยเทพ เกษศิลป์
246 31 สำรวจโลกวิทยาศาสตร์
260    กรุงเทพฯ : ^bเพียร์สัน เอ็ดดูเคชั่น อินโดไชน่า, ^c2546
300    176 หน้า : ^bภาพประกอบ ; ^c28 ซม.
490    สำรวจโลกวิทยาศาสตร์
650  7 ไฟฟ้า
650  7 แม่เหล็ก
650  7 วิทยาศาสตร์
700    ตรัยเทพ เกษศิลป์, ^eผู้แปล
945    ^p0^l0^i028549
995    ทศพร
999 ^a ใช้งานได้ทุกระบบ
รายการนี้ยังไม่มีแท็ก
คุณยังไม่ได้ล็อกอิน คุณสามารถมีกิจกรรมร่วมกับเว็บไซต์ได้ แต่ต้องล็อกอินก่อน ::
  ล็อกอิน

รายการสื่อสารสนเทศ

ลำดับที่ ประเภท เลขเรียก/บาร์โค้ด สถานที่ สถานะ
- ไม่พบข้อมูล -

รายการใกล้เคียง
    หัวเรื่อง [ไฟฟ้า]
    หัวเรื่อง [แม่เหล็ก]
    หัวเรื่อง [วิทยาศาสตร์]

BibComment


ยังไม่เคยถูกคอมเมนท์

คอมเมนท์ทรัพยากรรายการนี้
  คอมเมนท์: ไฟฟ้าและแม่เหล็ก ..


 Copyright 2026. Bcnsprnw @Library